| 000 | 01341nam a2200277Ia 4500 | ||
|---|---|---|---|
| 999 |
_c35081 _d35081 |
||
| 001 | 922 | ||
| 003 | GE_BSU | ||
| 005 | 20251009154905.0 | ||
| 008 | 181216s2008||||ru |||||||||||||| ||rus|| | ||
| 020 | _a978913220141 | ||
| 040 | _cGE_BSU | ||
| 041 | _arus | ||
| 080 | _a617.5(075.8) К-49 | ||
| 100 |
_aВоробьев,А.А.и др. _926002 |
||
| 245 |
_a Клиническая анатомия и оперативная хирургия головы и шеи : _bУч-к для студ.I-II курсов стоматологического фак-та / _cВоробьев А.А., Коневский А.Г., Дмитриенко С.В., Краюшкин А.И.; Волгоградский гос. медицинский ун-т |
||
| 264 |
_aСПБ : _bЭЛБИ-СПБ, _c2008. |
||
| 300 |
_a259 стр. _b25 см. |
||
| 541 | _h2008 | ||
| 653 | _aკისრისა და თავის კლინიკური ანატომია | ||
| 700 |
_aВоробьев, А.А. _eავტორი _926003 |
||
| 700 |
_aКоневский, А.Г. _eავტორი _926004 |
||
| 700 |
_aДмитриенко С.В. _eავტორი _926005 |
||
| 700 |
_a Краюшкин, А.И. _eავტორი _926006 |
||
| 710 |
_aВолгоградский гос. медицинский ун-т _926007 |
||
| 942 |
_cBK _2udc |
||